Customer relationship management /

সংরক্ষণ করুন:
গ্রন্থ-পঞ্জীর বিবরন
প্রধান লেখক: Anderson, Kristin, 1962-
অন্যান্য লেখক: Kerr, Carol.
বিন্যাস: Sách giấy
প্রকাশিত: New York : McGraw-Hill, c2002.
মালা:Briefcase books series
বিষয়গুলি:
ট্যাগগুলো: ট্যাগ যুক্ত করুন
কোনো ট্যাগ নেই, প্রথমজন হিসাবে ট্যাগ করুন!
Thư viện lưu trữ: Thư viện Trường Đại học Đà Lạt
LEADER 00972nam a2200361 4500
001 DLU030022845
005 ##20020531124203.0
008 ##020326s2002 nyua 001 0 eng d
010 # # |a  2002277589 
015 # # |a GBA1-W4915 
020 # # |a 0071379541 
035 # # |a (OCoLC)ocm47676880 
040 # # |a UKM  |c UKM  |d NGU  |d DLC 
042 # # |a lccopycat 
050 # # |a HF5415.5  |b .A528 2002 
082 # # |a 658.812  |b AN-K 
100 # # |a Anderson, Kristin,  |d 1962- 
245 # # |a Customer relationship management /  |c Kristin Anderson, Carol Kerr. 
260 # # |a New York :  |b McGraw-Hill,  |c c2002. 
300 # # |a xii, 164 p. :  |b ill. ;  |c 23 cm. 
440 # # |a Briefcase books series 
504 # # |a Includes index. 
650 # # |a Customer relations. 
700 # # |a Kerr, Carol. 
992 # # |a 13.61 
994 # # |a DLU 
900 # # |a True 
911 # # |a Lê Thị Mạnh Xuân 
925 # # |a G 
926 # # |a A 
927 # # |a SH 
980 # # |a Thư viện Trường Đại học Đà Lạt